header

SPIN 2004 (Record no. 248466)

MARC details
000 -LEADER
fixed length control field 01503nam a22003374a 4500
082 04 - DEWEY DECIMAL CLASSIFICATION NUMBER
Classification number 539.7/25
245 10 - TITLE STATEMENT
Title SPIN 2004
260 ## - PUBLICATION, DISTRIBUTION, ETC. (IMPRINT)
Place of publication Singapore ;
-- Hackensack, NJ :
Name of publisher World Scientific,
Year of publication c2005.
300 ## - PHYSICAL DESCRIPTION
Number of Pages l, 1012 p. :
Other physical details ill.
650 #0 - SUBJECT ADDED ENTRY--TOPICAL TERM
Topical Term Nuclear spin
Topical Term Polarization (Nuclear physics)
Topical Term Polarized beams (Nuclear physics)
700 1# - ADDED ENTRY--PERSONAL NAME
Personal name Aulenbacher, Kurt.
856 40 - ELECTRONIC LOCATION AND ACCESS
Uniform Resource Identifier http://site.ebrary.com/lib/rucke/Doc?id=10173972

No items available.

© 2026 Rongo University
Contact us: librarian | system librarian | Rongo university